000 00453 a2200157 4500
020 _a1580535151
040 _aDLC
_bDLC
082 0 0 _a621.3824
100 1 _aEl Zooghby, Ahmed.
245 1 0 _aSmart antenna engineering
_cAhmed El Zooghby.
260 _aBoston :
_bArtech House,
_cc2005.
300 _axvii, 324 p. :
_bill. ;
_c24 cm.
440 0 _aArtech House mobile communications series
650 0 _aAdaptive antennas.
942 _cBK
_k621.3824 ELZ
_2ddc
999 _c8191
_d8191